000
00295nam a2200133Ia 4500
005
20260328101526.0
008
260328s9999||||xx |||||||||||||| ||und||
100
_a
Linz, Barbara
245
0
_a
Glass /
_c
Barbara Linz
260
_b
Fullmann
300
_a
287 p.
650
_a
FACHADAS
942
_c
BK
999
_c
9792
_d
9792